000 00441cam a2200169ua 4500
001 10752
008 190401n ii |||gr||||Z||||||eng
020 _a9789352606146
040 _cMAIN
082 _a330.954
100 _aRamesh Singh,
_eAuthor.,
245 _aIndian economy
_bfor civil services examination
250 _a9th ed.
260 _aChennai:
_bMcgraw hill education private limited,
_c2017.
653 _aEconomics
942 _cBK
999 _c9718
_d9718